[Event "Challenge"]
[Site "http://www.queenalice.com/game.php?id=147288"]
[Date "2006.12.28"]
[Round "-"]
[White "king_chess"]
[Black "udo"]
[Result "1-0"]
[WhiteElo "1623"]
[BlackElo "1349"]

1. d4 d5 2. c4 e5 3. e3 Nf6 4. c5 exd4 5. Qxd4 Ne4 6. Bd3 Bxc5 7. Qxg7 Kd7 8.
Bxe4 dxe4 9. Qxf7+ Be7 10. Qf5+ Ke8 11. Qxe4 Nc6 12. f4 Bg4 13. Nc3 Qd6 14. f5
Kd7 15. Qxg4 Ne5 16. Qa4+ c6 17. e4 Nd3+ 18. Ke2 Nf4+ 19. Bxf4 Qxf4 20. h3 Bg5
21. Nf3 Qe3+ 22. Kd1 Rad8 23. Nxg5 Kc8+ 24. Kc2 Qxg5 25. Qxa7 Rd2+ 26. Kc1 b5
27. Qa8+ Kc7 28. Nxb5+ cxb5 29. Qa5+ Kc6 30. Qxd2 Qxd2+ 31. Kxd2 Re8 32. Rhe1
Re5 33. h4 Kd6 34. h5 h6 35. g3 Kc5 36. g4 Kd4 37. f6 Rxe4 38. Rxe4+ 1-0

[Event "Challenge"]
[Site "http://www.queenalice.com/game.php?id=185196"]
[Date "2007.3.20"]
[Round "-"]
[White "spawnwolfwolverine"]
[Black "udo"]
[Result "0-1"]
[WhiteElo "1643"]
[BlackElo "1349"]

1. e3 e5 2. d3 d5 3. c3 Nc6 4. Be2 Nf6 5. Nf3 e4 6. dxe4 dxe4 7. Qxd8+ Nxd8 8.
Ng5 Bd6 9. O-O h5 10. a3 h4 11. b4 h3 12. g3 Bg4 13. Bxg4 Nxg4 14. Nxe4 Be7 15.
Bb2 Ne6 16. c4 O-O-O 17. Nbc3 f5 18. Nd5 Bf8 19. Rad1 fxe4 20. Rd2 c6 21. Rfd1
cxd5 22. cxd5 Ng5 23. Rc1+ Kb8 24. Rdc2 Bd6 25. Bxg7 Nf3+ 26. Kh1 Rhg8 27. Bh6
Bc7 28. Rd1 Nxh6 29. b5 Ng4 30. a4 Ba5 31. d6 Rc8 32. Rb2 Rgd8 33. d7 Rxd7 34.
Rdb1 Bc3 35. Rc2 b6 36. Rbc1 Rcc7 37. Rxc3 Rxc3 38. Rxc3 Rd1# 0-1

[Event "Challenge"]
[Site "http://www.queenalice.com/game.php?id=185197"]
[Date "2007.3.20"]
[Round "-"]
[White "udo"]
[Black "spawnwolfwolverine"]
[Result "0-1"]
[WhiteElo "1377"]
[BlackElo "1704"]

1. d4 d6 2. c4 e6 3. Nc3 c6 4. Nf3 b6 5. d5 exd5 6. cxd5 c5 7. e4 Ba6 8. Nb5 Be7
9. Bd3 Nf6 10. O-O O-O 11. Bg5 Bxb5 12. Bxb5 Nxe4 13. Bd3 Nxg5 14. Nxg5 Bxg5 15.
Re1 Qf6 16. Qe2 Nd7 17. Qh5 g6 18. Qh3 Ne5 19. Bb5 a6 20. Bc6 Rae8 21. Bxe8 Rxe8
22. g3 Nf3+ 23. Kf1 Nxe1 24. Rxe1 Rxe1+ 25. Kxe1 Qxb2 26. Qc8+ Kg7 27. Qxa6 Qd2+
28. Kf1 Qxd5 29. Kg1 Qc6 30. f4 Bf6 31. Qe2 c4 32. Qc2 c3 33. h4 Bd4+ 34. Kh2 f5
35. a4 Qe4 36. Qc1 d5 37. Kh3 h5 38. Kh2 Kh6 39. g4 Qe2+ 40. Kg3 Qf2+ 0-1

[Event "Challenge"]
[Site "http://www.queenalice.com/game.php?id=210040"]
[Date "2007.5.12"]
[Round "-"]
[White "cdare"]
[Black "udo"]
[Result "1-0"]
[WhiteElo "1683"]
[BlackElo "1374"]

1. e4 e5 2. Nf3 Nc6 3. Nc3 Nf6 4. Bc4 Bc5 5. O-O Nd4 6. Nxe5 O-O 7. d3 d6 8. Nf3
Nh5 9. Be3 Nxf3+ 10. Qxf3 Nf6 11. Bxc5 Ng4 12. Bd4 Qh4 13. Qg3 Qe7 14. Nd5 Qd8
15. f4 f5 16. Nxc7+ Kh8 17. Nxa8 fxe4 18. dxe4 Nf6 19. Bd3 b6 20. e5 dxe5 21.
Bxe5 Bb7 22. Nxb6 Qxb6+ 23. Kh1 Nd5 24. Qxg7# 1-0

[Event "Challenge"]
[Site "http://www.queenalice.com/game.php?id=210041"]
[Date "2007.5.12"]
[Round "-"]
[White "udo"]
[Black "cdare"]
[Result "0-1"]
[WhiteElo "1374"]
[BlackElo "1676"]

1. Nf3 d5 2. e4 dxe4 3. Ng5 Nf6 4. Nc3 Bf5 5. Qe2 Nc6 6. Ngxe4 Nxe4 7. Nxe4 Nd4
8. Qd1 Bxe4 9. c3 Nc2+ 10. Ke2 Qd3# 0-1

[Event "Challenge"]
[Site "http://www.queenalice.com/game.php?id=221074"]
[Date "2007.6.5"]
[Round "-"]
[White "udo"]
[Black "cdare"]
[Result "1-0"]
[WhiteElo "1374"]
[BlackElo "1725"]

1. d4 Nf6 2. Nc3 Nc6 3. e4 d5 4. e5 Ne4 5. Bd3 Nxc3 6. bxc3 e6 7. Nf3 Be7 8. O-O
b6 9. Re1 Bb7 10. Rb1 O-O 11. Rb3 Qc8 12. Bxh7+ Kxh7 13. Ng5+ Bxg5 14. Bxg5 Rh8
15. c4 Na5 16. Rh3+ Kg8 17. Rxh8+ Kxh8 18. Qg4 Qg8 19. Re3 g6 20. Bf6+ Qg7 21.
Bxg7+ Kxg7 22. Qh4 Rh8 23. Qf6+ Kg8 24. Qd8+ Kg7 25. Qxc7 Rc8 26. Qe7 Rf8 27.
Rh3 a6 28. Qf6+ 1-0

[Event "Challenge"]
[Site "http://www.queenalice.com/game.php?id=224785"]
[Date "2007.6.14"]
[Round "-"]
[White "cdare"]
[Black "udo"]
[Result "1-0"]
[WhiteElo "1729"]
[BlackElo "1404"]

1. e4 e5 2. Nf3 Nf6 3. Nxe5 d6 4. Nxf7 Kxf7 5. Nc3 Nc6 6. Bc4+ Be6 7. Bxe6+ Kxe6
8. d3 d5 9. Bg5 Be7 10. Qf3 g6 11. O-O-O Nd4 12. Qh3+ Kf7 13. Bxf6 Bxf6 14. Rhe1
Ne6 15. Nxd5 c6 16. Nxf6 Qxf6 17. f3 Qg5+ 18. Kb1 Nd4 19. Qd7+ Kf6 20. Qxd4+ Qe5
21. Qxe5+ Kxe5 22. d4+ Kf4 23. c3 b5 24. e5 Rhe8 25. Re4+ Kf5 26. g4+ Ke6 27. f4
Kd5 28. Ree1 Re6 29. h4 Rf8 30. Rf1 a5 31. f5 gxf5 32. gxf5 Rh6 33. Rf4 a4 34.
Re1 c5 35. dxc5 Kxc5 36. e6 Kd6 37. e7 1-0

[Event "Challenge"]
[Site "http://www.queenalice.com/game.php?id=242800"]
[Date "2007.7.20"]
[Round "-"]
[White "udo"]
[Black "cdare"]
[Result "1-0"]
[WhiteElo "1401"]
[BlackElo "1728"]

1. d4 Nf6 2. Nc3 e6 3. e4 Bb4 4. Bd3 Bxc3+ 5. bxc3 Nc6 6. Nf3 d5 7. e5 Ne4 8.
Bxe4 dxe4 9. Ng5 Qd5 10. O-O O-O 11. Re1 b6 12. Nxe4 Qc4 13. Ng3 Qxc3 14. Bd2
Qxd4 15. Nh5 g6 16. Nf6+ Kh8 17. Ne4 Ba6 18. Nf6 Rad8 19. Bh6 Qh4 20. Qf3 Nd4
21. Qf4 Qxf4 22. Bxf4 Nxc2 23. Bg5 Kg7 24. Ng4 Nxa1 25. Bf6+ Kg8 26. Nh6# 1-0

[Event "Challenge"]
[Site "http://www.queenalice.com/game.php?id=256546"]
[Date "2007.8.16"]
[Round "-"]
[White "udo"]
[Black "Prates"]
[Result "0-1"]
[WhiteElo "1425"]
[BlackElo "1656"]

1. e4 d5 2. Nf3 dxe4 3. Ng5 Nf6 4. Nc3 Bg4 5. f3 exf3 6. Nxf3 Bxf3 7. Qxf3 c6 8.
Bc4 e6 9. O-O Bd6 10. d4 Qc7 11. Bg5 Nbd7 12. Rfe1 O-O 13. Bd3 Bxh2+ 14. Kf1 Bg3
15. Re5 Bxe5 16. Bxf6 Bxf6 17. Bxh7+ Kxh7 18. Kf2 Bxd4+ 19. Ke2 Qe5+ 20. Ne4
Bxb2 21. Rh1+ Kg8 22. Qh3 Qxe4+ 23. Kf1 Qf4+ 24. Kg1 Bd4+ 0-1

[Event "Challenge"]
[Site "http://www.queenalice.com/game.php?id=260746"]
[Date "2007.8.24"]
[Round "-"]
[White "cdare"]
[Black "udo"]
[Result "1-0"]
[WhiteElo "1693"]
[BlackElo "1430"]

1. e4 e5 2. Nf3 Nc6 3. Bc4 Nf6 4. Nc3 Nb4 5. a3 Nc6 6. d3 Bc5 7. O-O Ng4 8. Ng5
Ne3 9. Bxe3 Nd4 10. Nxf7 Nf3+ 11. Qxf3 O-O 12. Nxd8+ Kh8 13. Nf7+ Rxf7 14. Qxf7
d5 15. Qe8+ 1-0

[Event "Challenge"]
[Site "http://www.queenalice.com/game.php?id=273502"]
[Date "2007.9.18"]
[Round "-"]
[White "cdare"]
[Black "udo"]
[Result "1/2-1/2"]
[WhiteElo "1658"]
[BlackElo "1443"]

1. e4 e5 2. Nf3 Nc6 3. Bc4 Nd4 4. Nxd4 exd4 5. Qh5 Qe7 6. d3 Nf6 7. Bxf7+ Qxf7
8. Qe5+ Be7 9. Qxd4 b6 10. Nc3 O-O 11. Bf4 Ng4 12. g3 Bc5 13. Qd5 Qxd5 14. Nxd5
Bxf2+ 15. Ke2 Bd4 16. c3 Be5 17. Bxe5 Nxe5 18. Nxc7 Rb8 19. Nd5 d6 20. Ne7+ Kh8
21. Nxc8 Rbxc8 22. Rhf1 Ng4 23. h3 Nf6 24. g4 g5 25. Rae1 a5 26. Kd2 b5 27. Re2
h5 28. gxh5 Nxh5 29. Rxf8+ Rxf8 30. Re3 Rf2+ 31. Re2 Rf3 32. Re3 Rf2+ 33. Re2
Rf3 1/2-1/2

[Event "Challenge"]
[Site "http://www.queenalice.com/game.php?id=273503"]
[Date "2007.9.18"]
[Round "-"]
[White "udo"]
[Black "cdare"]
[Result "1-0"]
[WhiteElo "1418"]
[BlackElo "1649"]

1. d4 Nf6 2. Nc3 d5 3. Bf4 Nc6 4. e4 e6 5. e5 Nd7 6. Bd3 Bb4 7. Nf3 Bxc3+ 8.
bxc3 O-O 9. Bxh7+ Kxh7 10. Ng5+ Kg6 11. Qd3+ f5 12. exf6+ Kh6 13. Nf7+ 1-0

[Event "Challenge"]
[Site "http://www.queenalice.com/game.php?id=301152"]
[Date "2007.11.9"]
[Round "-"]
[White "udo"]
[Black "cdare"]
[Result "1/2-1/2"]
[WhiteElo "1445"]
[BlackElo "1679"]

1. d4 Nf6 2. c4 e6 3. Bg5 h6 4. Bh4 g5 5. Bg3 Ne4 6. Be5 Bb4+ 7. Nc3 Nxc3 8. Qc2
Ne4+ 9. Kd1 Nxf2+ 10. Kc1 O-O 11. e4 Nxh1 12. Qe2 f6 13. Bxf6 Qxf6 14. Qh5 Qxf1+
15. Kc2 Qxa1 16. Qg6+ Kh8 17. Qxh6+ Kg8 18. Qg6+ Kh8 19. Qh6+ Kg8 20. Qg6+ Kh8
21. Qh6+ 1/2-1/2

[Event "Challenge"]
[Site "http://www.queenalice.com/game.php?id=302739"]
[Date "2007.11.12"]
[Round "-"]
[White "cdare"]
[Black "udo"]
[Result "1-0"]
[WhiteElo "1669"]
[BlackElo "1452"]

1. e4 e5 2. Nf3 d6 3. h3 Nc6 4. Nc3 Nf6 5. Bc4 b6 6. d3 Nd4 7. Nxd4 exd4 8. Nd5
Nxd5 9. Bxd5 Rb8 10. Qf3 Bd7 11. Qxf7# 1-0

[Event "Challenge"]
[Site "http://www.queenalice.com/game.php?id=312825"]
[Date "2007.11.30"]
[Round "-"]
[White "cdare"]
[Black "udo"]
[Result "0-1"]
[WhiteElo "1677"]
[BlackElo "1454"]

1. e4 e5 2. Nf3 d6 3. h3 Nf6 4. Nc3 b6 5. Bc4 Bb7 6. d3 h6 7. Be3 d5 8. exd5
Nxd5 9. Nxe5 Nxe3 10. fxe3 Bxg2 11. Rh2 Bd6 12. Nxf7 Qe7 13. Nxd6+ cxd6 14. e4
Qh4+ 15. Kd2 Qf4+ 0-1

[Event "Challenge"]
[Site "http://www.queenalice.com/game.php?id=320570"]
[Date "2007.12.15"]
[Round "-"]
[White "udo"]
[Black "cdare"]
[Result "0-1"]
[WhiteElo "1471"]
[BlackElo "1709"]

1. e4 e5 2. Nf3 Nc6 3. d4 d6 4. Nc3 Nf6 5. Bc4 Bg4 6. h3 Bxf3 7. gxf3 Qd7 8. Bb5
a6 9. Bxc6 Qxc6 10. Bg5 Be7 11. d5 Qb6 12. Na4 Qa5+ 13. Nc3 h6 14. Bxf6 Bxf6 15.
Qd2 Bg5 16. Qd3 O-O 17. h4 Bf4 18. Rg1 b5 19. a3 Rac8 20. Kf1 Qb6 21. Ne2 c6 22.
Nxf4 exf4 23. Qc3 f6 24. Ke2 cxd5 25. Qd3 dxe4 26. fxe4 Rfe8 27. Qd5+ Kh8 28. f3
Rxc2+ 29. Kd1 Qf2 30. Qd3 Qxg1+ 31. Kxc2 Qxa1 32. Qxd6 Rc8+ 33. Kb3 a5 34. Qd7
a4+ 35. Kb4 Qxb2+ 36. Ka5 Ra8+ 37. Kb6 Qe5 38. Kb7 Qb8+ 39. Kc6 Ra6+ 40. Kc5
Qb6+ 41. Kb4 Ra8 42. h5 Rd8 43. Qf7 Rd4+ 44. Kc3 Qc5+ 45. Kb2 Rd2+ 46. Kb1 Qg1#
0-1

[Event "Challenge"]
[Site "http://www.queenalice.com/game.php?id=326206"]
[Date "2007.12.26"]
[Round "-"]
[White "cdare"]
[Black "udo"]
[Result "1-0"]
[WhiteElo "1670"]
[BlackElo "1479"]

1. e4 e5 2. Nf3 Nc6 3. Nc3 Nf6 4. Bc4 Bc5 5. d3 Ng4 6. O-O Nd4 7. Nxd4 Bxd4 8.
Qxg4 d5 9. Qxg7 Kd7 10. Qxf7+ Qe7 11. Qxd5+ Ke8 12. Bb5+ Kf8 13. Bh6+ 1-0

[Event "Challenge"]
[Site "http://www.queenalice.com/game.php?id=363820"]
[Date "2008.3.1"]
[Round "-"]
[White "cdare"]
[Black "udo"]
[Result "0-1"]
[WhiteElo "1729"]
[BlackElo "1465"]

1. e4 e5 2. Nf3 Nc6 3. Nc3 b6 4. Bc4 Bb7 5. d3 Bc5 6. O-O Nd4 7. Nxe5 Qf6 8.
Nxf7 Qh4 9. Nxh8 Bd6 10. g3 Qh3 11. Be3 Nf5 12. Qd2 Nh4 13. Kh1 Qg2# 0-1

[Event "Challenge"]
[Site "http://www.queenalice.com/game.php?id=363821"]
[Date "2008.3.1"]
[Round "-"]
[White "udo"]
[Black "cdare"]
[Result "0-1"]
[WhiteElo "1492"]
[BlackElo "1657"]

1. d4 Nf6 2. Nc3 d5 3. Be3 Nc6 4. g3 Bf5 5. Bg2 e6 6. a3 Bd6 7. Nf3 h6 8. Ne5
Nxe5 9. dxe5 Bxe5 10. Bc5 b6 11. Bd4 Bxd4 12. Qxd4 Bxc2 13. O-O O-O 14. f4 c5
15. Qd2 Bh7 16. Rad1 Rc8 17. Nb5 Qd7 18. a4 Be4 19. Bh3 c4 20. Nd4 Qxa4 21. f5
e5 22. Nf3 d4 23. Nxe5 Rfd8 24. Bg2 Bxf5 25. Rxf5 b5 26. Nf3 d3 27. e3 b4 28.
Nd4 c3 29. bxc3 Rxc3 30. e4 Rxd4 31. Qf2 Qxd1+ 32. Bf1 Rd7 33. e5 Ne4 34. Qf4
Ng5 35. h4 Nh3+ 36. Kh2 Nxf4 0-1